Statistics for USA vs Russia

Click here to take the quiz!

General Stats

  • This quiz has been taken 83 times
  • The average score is 11 of 15

Answer Stats

QuestionAnswer% Correct
Who has better Quality of LifeUSA
96%
Who has larger GDP which is $25.1 trillionUSA
94%
Who has more population having 333 million people ranking number 3USA
91%
Who is richer based on GDP Per Capita which is $75.000USA
90%
Who has a higher HDI or Human Development Index which is 0.921USA
88%
Who has more forest land area at 809,090,000 haRussia
85%
Who is stronger ranked number 1USA
85%
Who is bigger having more than 17 million km ranking number 1 the biggestRussia
84%
Who has more nukes having more than 6000 nukesRussia
75%
Who has more natural gas reserves at 1.688 billion MCFRussia
66%
Who has more active soldiers at 1.5 million soldiersUSA
62%
Who has more oil reserves at 107.8 billion barrelsRussia
59%
Who has better historyRussia
56%
Who has more reserve soldiers at 2 million soldiersRussia
51%
WinnerComment what you think
7%

Score Distribution

Percentile by Number Answered

Percent of People with Each Score

Your Score History

You have not taken this quiz